000 00518cam a2200205ua 4500
001 6589
005 20260515114055.0
008 140703n ii |||gr||||Z||||||eng
020 _a81-7700-032-2
040 _cMAIN
082 _a658
245 _aPrinciples & practice of management
_cBy T.N. Chhabra
250 _a8th ed.
260 _aDelhi:
_bDhanpat rai & Co. (p) ltd.,
_c2003.
300 _axii,915p.
653 _aGeneral management
653 _aManagement
700 _aChabra,T.N.,
_eAuthor.
942 _cBK
999 _c5733
_d5733